Мовні механізми впливу на свідомість у політичному дискурсі на прикладі промови Джоржа Буша-молодшого, присвячених подіям 11 вересня 2001 року в США, виголошених в період вересень листопад 2001 року (Запис № 283115)

МАРК-запис
000 -LEADER
fixed length control field 01614nam a22001577a 4500
041 ## - LANGUAGE CODE
Language code of text/sound track or separate title ukr
080 ## - UNIVERSAL DECIMAL CLASSIFICATION NUMBER
Universal Decimal Classification number 09
090 ## - LOCALLY ASSIGNED LC-TYPE CALL NUMBER (OCLC); LOCAL CALL NUMBER (OCLC)
Local cutter number (OCLC) ; Book number/undivided call number, CALL (RLIN) ЗАК
100 ## - MAIN ENTRY--PERSONAL NAME
Personal name Закладна У. В.
245 ## - TITLE STATEMENT
Title Мовні механізми впливу на свідомість у політичному дискурсі на прикладі промови Джоржа Буша-молодшого, присвячених подіям 11 вересня 2001 року в США, виголошених в період вересень листопад 2001 року
260 ## - PUBLICATION, DISTRIBUTION, ETC. (IMPRINT)
Place of publication, distribution, etc Острог
Name of publisher, distributor, etc КАФ
Date of publication, distribution, etc 2005
300 ## - PHYSICAL DESCRIPTION
Extent 50
520 ## - SUMMARY, ETC.
Summary, etc РОЗДІЛ 1. МОВНІ МЕХАНІЗМИ ВАРІАТИВНОЇ ІНТЕРПРЕТАЦІЇ ДІЙСНОСТІ.<br/>1.1. Предмет теорії впливу і її джерела.<br/>1.2. Передумови мовного варіювання.<br/>1.3. Типологія мовних механізмів впливу на свідомість.<br/>РОЗДІЛ 2. ПОЛІТИЧНИЙ ДИСКУРС ЯК ОБ’ЄКТ ЛІНГВІСТИЧНОГО АНАЛІЗУ.<br/>2.1. Мова політики.<br/>2.2. Методи лінгвістичного аналізу політичного дискурсу.<br/>2.2.1. Критичний метод.<br/>2.2.2. Когнітивний метод.<br/>2.2.3. Описовий підхід.<br/>2.2.4. Кількісний метод.<br/>2.3. Лінгвістичний аналіз мовних механізмів впливу в промовах Джорджа Буша-молодшого.
-- лінгвістика, промова
650 ## - SUBJECT ADDED ENTRY--TOPICAL TERM
Topical term or geographic name as entry element Research Papers
942 ## - ADDED ENTRY ELEMENTS (KOHA)
Koha item type Книги
Фонди
Withdrawn status Lost status Source of classification or shelving scheme Damaged status Not for loan Home library Current library Date acquired Source of acquisition Coded location qualifier Cost, normal purchase price Total Checkouts Full call number Barcode Date last seen Price effective from Koha item type
    Universal Decimal Classification     ВІЛ - Відділ іноземн. літератури НБ ВІЛ - Відділ іноземн. літератури НБ 13/10/2005 Акт В32 1.00   09 211124 20/12/2021 13/10/2005 Книги